00846nam a2200217 a 45000010005000000030009000050080041000140200015000550400028000700820019000981100036001172450046001532600044001993000011002435900126002546500038003806500026004189420012004449990017004569520155004737730CO-ViMGA141112s2004 ck r 000 u spa d a9586531163 aCO-ViMGAbspacCO-ViMGA04aR346.022 C656c aColombia, leyes, decretos9719410aRegimen de la contratacion administrativa aSantafé de Bogotá : bLegis, c1997 a231 p. aDatos de inventario : 10006 - - Forma de adquisición : Compra FIS - - Fecha de adquisición : 1998 - - Ejemplares : 0114aCONTRATACION ADMINISTRATIVA9719514aLEY 80 DE 1993953619 2ddccBK c19645d19645 01102ddc44708002aMEVIECARbMEVIECARd2015-12-04hVolumen. 1 | 11/jun/2009l0oR346.022 C656c p010006r2015-12-04 00:00:00tEj. 1w2015-12-04yBK